000 03096njm a2200481Ia 4500
001 24010
003 IT-RoPAU
005 20220918181125.0
008 131025s9999 xx 000 0 und d
040 _aIT-RoPAU
040 _cIT-RoPAU
041 _aITALIANO
999 _c100077
_d100077
999 _bn.d.
100 _aAA.VV.
_9794
100 _eAutore musica
_98229
100 _gCodice autore musica SPICS: 12000
_9796
245 _aRocco Bandera e suo fratello-Fisarmoniche e ritmi(Lp 20046)
250 _a1a ed.
260 _aMILANO
260 _bCOMBO RECORD
_c1970 [1a Ed.:1970]
300 _aDISCO
500 _aCanzone popolare. Musica flok. Arrangiamento. Fisarmonica. Valzer, mazurca, tarantella, marcia, quadriglia, fox trot.
505 _aReginella campagnola (ritmo allegro) - Sbarazzina (valzer) - Cesarina (mazurka) - Quadriglia napoletana (quadriglia) - I pompieri di Viggiù (ritmo allegro) - Tic-ti tic-ta (fox-trot) - Fantasia americana (valzer) - Piemontesina (valzer) - La mazurca di Carolina - Tarantella tipica calabrese (tarantella) - Il valzer della povera gente - Mademoiselle de Paris (valzer) - Il tamburo della banda d'Affori (marcia) - Francescamaria (valzer)
650 _aFOLK [DISCHI]
_eCodice MATERIA SPICS: 9950
_91209
700 _aBandera Rocco
_gCodice interprete SPICS: 7884
_98230
_eInterprete
700 _aDi Lazzaro Eldo
_gCodice autore testo/musica SPICS: 13500
_eAutore testo/musica
_pReginella campagnola - Sbarazzina
_98231
700 _aPezzolo
_gCodice autore musica SPICS: 18091
_eAutore musica
_pCesarina
_98232
700 _aDunnio
_gCodice autore musica SPICS: 18092
_eAutore musica
_pQuadriglia napoletana
_98233
700 _aFragna Armando
_gCodice autore musica SPICS: 13570
_eAutore musica
_pI pompieri di Viggiù
_98234
700 _aLama Gaetano
_gCodice autore musica SPICS: 13468
_eAutore musica
_pTic-ti tic-ta
_98235
700 _aParti
_gCodice autore musica SPICS: 18093
_eAutore musica
_pFantasia americana
_98236
700 _aRaimondo Giovanni
_gCodice autore musica SPICS: 13444
_eAutore musica
_pPiemontesina
_98237
700 _aRedi Bruno
_gCodice autore musica SPICS: 18094
_eAutore musica
_pLa mazurca di Carolina
_98238
700 _aScalzo
_gCodice autore musica SPICS: 18095
_eAutore musica
_pTarantella tipica calabrese
_98239
700 _aMazzucca
_gCodice autore SPICS: 18096
_eAutore
_pTarantella tipica calabrese
_98240
700 _aSpadaro Odoardo
_gCodice autore musica SPICS: 1159
_eAutore musica
_pIl valzer della povera gente
_98241
700 _aDurand
_gCodice autore musica SPICS: 18097
_eAutore musica
_pMademoiselle de Paris
_98242
700 _aRavasini Nino
_gCodice autore musica SPICS: 13383
_eAutore musica
_pIl tamburo della banda d'Affori
_98243
700 _aRastelli Nino
_gCodice autore SPICS: 13482
_eAutore
_pIl tamburo della banda d'Affori - Francescamaria
_98244
700 _aPanzeri Mario
_gCodice autore testo/musica SPICS: 13372
_eAutore testo/musica
_pIl tamburo della banda d'Affori - Francescamaria
_98245
700 _aSchisa
_gCodice autore musica SPICS: 14193
_eAutore musica
_pFrancescamaria
_98246
942 _cMD
_2ddc